Famous Cover Versions of Famous Songs - Statistics

General Stats
  • This quiz has been taken 44 times
  • The average score is 14 of 30
Answer Stats
Coverist Song Original performer % Correct
Michael Jackson Come Together The Beatles
93%
Motley Crue Anarchy in the UK Sex Pistols
88%
Smash Mouth I'm a Believer The Monkees
83%
Ramones What a Wonderful World Louis Armstrong
81%
Alien Ant Farm Smooth Criminal Michael Jackson
81%
Eric Clapton I Shot the Sheriff Bob Marley
76%
Van Halen You Really Got Me The Kinks
76%
Anthrax Got the Time Joe Jackson
71%
Jimi Hendrix All Along the Watchover Bob Dylan
69%
Dead Kennedys Viva Las Vegas Elvis Presley
69%
Limp Bizkit Behind Blue Eyes The Who
67%
Whitney Houston I Will Always Love You Dolly Parton
64%
Johnny Cash Hurt Nine Inch Nails
62%
The Beatles Rock and Roll Music Chuck Berry
55%
Nirvana The Man Who Sold the World David Bowie
52%
The Cure Hello, I Love You The Doors
50%
Sabaton For Whom the Bell Tolls Metallica
45%
Urge Overkill Girl, You'll Be a Woman Soon Neil Diamond
43%
Rammstein Das Model Kraftwerk
38%
Korn Word Up Cameo
29%
Sex Pistols No Fun The Stooges
14%
Rage Against the Machine Renegades of Funk Afrika Bambaataa
12%
System of a Down Snowblind Black Sabbath
12%
Metallica Am I Evil? Diamond Head
12%
Red Hot Chili Peppers Havana Affair Ramones
12%
Black Strobe I'm a Man Bo Diddley
10%
Nazareth Love Hurts The Everly Brothers
10%
Rise Against Fix Me Black Flag
7%
The Prodigy Fuel My Fire L7
7%
Led Zeppelin Bring It On Home Sonny Boy Williamson II
7%
No matching quizzes found
Score Distribution
Percent of People with Each Score
Percentile by Number Answered
Your Score History
You have not taken this quiz